| 000 | 00459 a2200133 4500 | ||
|---|---|---|---|
| 001 | 33073 | ||
| 082 | _a629.13335 FRA | ||
| 090 |
_c22203 _d22203 |
||
| 100 | _aFranklin, J.S | ||
| 245 | _aDynamics,Control,and Flying Qualities of V/STOL Aircraft | ||
| 260 |
_aReston, _bAIAA Educ Series _c2002 |
||
| 300 | _axvi, 214 p. | ||
| 650 |
_avstol; v stol; VSTOL; V STOL; V/STOL _cvertical and/or short take-off and landing _xvertical/or short take-off and landing |
||
| 942 |
_aNUST-CAE _k629.13335 FRA |
||
| 999 |
_c268146 _d268146 |
||